KUFA KUZIKANA (Record no. 216618)
[ view plain ]
| 000 -LEADER | |
|---|---|
| fixed length control field | 00332nam a22001337a 4500 |
| 008 - FIXED-LENGTH DATA ELEMENTS--GENERAL INFORMATION | |
| fixed length control field | 260224b |||||||| |||| 00| 0 eng d |
| 020 ## - INTERNATIONAL STANDARD BOOK NUMBER | |
| International Standard Book Number | 996649754-4 |
| 100 ## - MAIN ENTRY--PERSONAL NAME | |
| Personal name | WALIBORA, KEN |
| 245 ## - TITLE STATEMENT | |
| Title | KUFA KUZIKANA |
| 260 ## - PUBLICATION, DISTRIBUTION, ETC. | |
| Place of publication, distribution, etc. | NAIROBI |
| Name of publisher, distributor, etc. | LONGHORN PUBLISHERS LTD |
| Date of publication, distribution, etc. | 2003 |
| 300 ## - PHYSICAL DESCRIPTION | |
| Extent | IV, 231P. |
| 942 ## - ADDED ENTRY ELEMENTS (KOHA) | |
| Source of classification or shelving scheme | Library of Congress Classification |
| Koha item type | Long Loan Book |
| Withdrawn status | Lost status | Source of classification or shelving scheme | Damaged status | Not for loan | Collection | Home library | Current library | Shelving location | Date acquired | Inventory number | Total checkouts | Full call number | Barcode | Date due | Date last seen | Date last checked out | Copy number | Price effective from | Koha item type |
|---|---|---|---|---|---|---|---|---|---|---|---|---|---|---|---|---|---|---|---|
| Library of Congress Classification | Arts & Social Sciences | Kisii University Library | Kisii University Library | On Display | 02/24/2026 | 111949 | 1 | PL 8704 .W35 2003 | A000855 | 05/13/2026 | 04/29/2026 | 04/29/2026 | 1 | 02/24/2026 | Long Loan Book | ||||
| Library of Congress Classification | Arts & Social Sciences | Kisii University Library | Kisii University Library | On Display | 02/24/2026 | 111950 | PL 8704 .W35 2003 | A000856 | 02/24/2026 | 2 | 02/24/2026 | Long Loan Book | |||||||
| Library of Congress Classification | Arts & Social Sciences | Kisii University Library | Kisii University Library | On Display | 02/24/2026 | 111951 | PL 8704 .W35 2003 | A000487 | 02/24/2026 | 3 | 02/24/2026 | Long Loan Book | |||||||
| Library of Congress Classification | Arts & Social Sciences | Kisii University Library | Kisii University Library | On Display | 02/24/2026 | 111952 | 1 | PL 8704 .W35 2003 | A000428 | 04/29/2026 | 04/20/2026 | 4 | 02/24/2026 | Long Loan Book |